Logistik-Controlling /

Guardado en:
Detalles Bibliográficos
Autor principal: Weber, Jürgen (Autor)
Formato: Libro
Lenguaje:alemán
Publicado: Stuttgart : Schäffer-Poeschel Verlag, 1993
Edición:3.überarb.und arweit.Aufl.
Materias:
Etiquetas: Agregar Etiqueta
Sin Etiquetas, Sea el primero en etiquetar este registro!

MARC

LEADER 00000nam a22000003a 4500
001 stu44332
005 20250624134431.1
008 950308s1993----gw------------------ger-d
020 |a 3-7910-0717-3 
040 |a STU  |b slo 
041 0 |a ger 
044 |a gw 
080 |a 164  |7 stu_us_auth*stu3209 
080 |a 65.012.43  |7 stu_us_auth*stu3366 
100 1 |a Weber, Jürgen  |4 aut 
245 1 |a Logistik-Controlling /  |c [aut.]Jürgen Weber 
250 |a 3.überarb.und arweit.Aufl. 
260 |a Stuttgart :  |b Schäffer-Poeschel Verlag,  |c 1993 
300 |a 283 s 
650 7 |a logistika  |2 stusub 
650 7 |a controlling  |2 estusub 
996 |b 284M025616  |c M*8907-1  |l MMKN  |s A  |a 24  |w stu44332_0001